000 00612nam a2200241Ia 4500
003 OSt
005 20220924145936.0
006 a|||||r|||| 00| 0
007 ta
008 220923b |||||||| |||| 00| 0 tel d
020 _c18
024 _a331039
037 _cTextual
040 _aARTS
_cARTS
_btel
041 _2tel
_atel
082 _aO35xM48:g, L2
100 _aRao Ramapati
_9220923
245 0 _aVeeresalingam pantulu samagna pariseelana
260 _c1972
650 _aTELUGU LITERATURE
942 _hO35xM48:g, L2
_cTEXL
_2CC
999 _c461722
_d461722